| 000 | 00755cam a2200241 a 4500 | ||
|---|---|---|---|
| 001 | 1671408 | ||
| 005 | 20241023122621.0 | ||
| 008 | 981112r19991945nju b 001 0 eng | ||
| 020 | _a1886363749 (alk. paper) | ||
| 041 | 1 |
_aeng _hger |
|
| 050 | 0 | 0 |
_aK252 _b.K45 1999 |
| 082 | 0 | 0 |
_a340/.1 _221 |
| 100 | 1 |
_aKelsen, Hans, _d1881-1973. |
|
| 245 | 1 | 0 |
_aGeneral theory of law and state / _cby Hans Kelsen ; translated by Anders Wedberg. |
| 260 |
_aUnion, N.J. : _bLawbook Exchange, _c1999. |
||
| 300 |
_axxxiii, 516 p. ; _c23 cm. _bIndex |
||
| 500 | _aOriginally published: Cambridge : Harvard University Press, 1945. | ||
| 650 | 0 | _aState, The. | |
| 650 | 0 |
_aLaw _xPhilosophy. |
|
| 650 | 0 | _aInternational law. | |
| 650 | 0 | _aNatural law. | |
| 942 |
_2lcc _cBK _n0 |
||
| 999 |
_c133 _d133 |
||